Statistics for Name all the countries that...

Click here to take the quiz!

General Stats

  • This quiz has been taken 333 times
    (285 since last reset)
  • The average score is 33 of 47

Answer Stats

HintAnswer% Correct
Portugal
95%
Norway
94%
Sweden
94%
Brazil
93%
Brazil
93%
... have won the FIFA World CupBrazil
93%
... Have a population of over 200 millionChina
92%
Finland
92%
Venezuela
92%
Iceland
90%
India
90%
... is a Nordic CountryDenmark
89%
USA
89%
England
86%
Madagascar
84%
Vatican City
79%
France
78%
Germany
78%
... Start with VVanuatu
78%
Spain
76%
Poland
75%
Vietnam
75%
Argentina
72%
Indonesia
72%
... is an Island and is in AfricaCape Verde
71%
Cape Verde
71%
Italy
71%
Seychelles
71%
Czech Republic
70%
Hungary
69%
Mauritius
67%
... Share a border with SlovakiaAustria
65%
Comoros
63%
Sao Tome
63%
Sao Tome
63%
Pakistan
62%
Nigeria
61%
Ukraine
58%
Uruguay
57%
... Speak PortugueseAngola
48%
Mozambique
42%
Guyana
37%
East Timor
36%
Guatemala
30%
Guinea-Bissau
29%
Botswana
27%
... has its capital beginning with GBurundi
16%

Score Distribution

Percentile by Number Answered

Percent of People with Each Score

Your Score History

You have not taken this quiz since the last reset